Löwensköldov prsteň 1 Löwensköldov prsteň Charlotta Löwensköldová

Bibliographic Details
Main Author: Lagerlöf, Selma, 1858-1940 (Author)
Other Authors: Rypáček, Karel V., 1885-1957 (Translator)
Format: Book
Language:Slovak
Swedish
PhysicalDescription:279 s. 20 cm
Published: Bratislava Slovenský spisovateľ 1983
Edition:6. vyd.
Series:Retro
Subjects:

MARC

LEADER 00000cam a2200000 a 4500
001 vtls001091356
003 SK-MaSNL
005 20260301001103.0
008 240314s1983 xo 0000f slo
015 |a SNBA1983/05 
020 |q (brož.) 
035 |a SNK000034198 
040 |a SNK  |b slo  |c SNK  |e AACR2 
041 1 |a slo  |h swe 
044 |a xo  |c SK 
080 |a 839.7-3  |2 1981 
100 1 |a Lagerlöf, Selma,  |d 1858-1940  |4 aut  |9 114609 
245 1 0 |a Löwensköldov prsteň  |n 1  |p Löwensköldov prsteň  |p Charlotta Löwensköldová  |c Selma Lagerlöfová ; zo švédskeho originálu Löwensköldska ringen, Charlotte Löwensköld ... preložil K.V. Rypáček 
250 |a 6. vyd. 
260 |a Bratislava  |b Slovenský spisovateľ  |c 1983  |e Nitra  |f Nitrianske tlačiarne 
300 |a 279 s.  |c 20 cm 
490 1 |a Retro  |v zv. 20 
655 7 |a švédske romány  |2 SNKPH  |9 70708 
700 1 |a Rypáček, Karel V.,  |d 1885-1957  |4 trl  |9 100595 
700 1 2 |a Lagerlöf, Selma,  |d 1858-1940  |t Löwensköldska ringen  |l Slovensky  |9 278918 
700 1 2 |a Lagerlöf, Selma,  |d 1858-1940  |t Charlotte Löwensköld  |l Slovensky  |9 278919 
740 0 2 |a Charlotta Löwensköldová 
830 0 |a Retro  |9 276789 
852 |a Slovenská národná knižnica 
954 |a beletria cudzojazyčná (svetová)  |2 lita 
958 |a OND 
958 |a LX 
958 |a TL 
958 |a UP 
999 |c 534139  |d 536069 
952 |a SNK  |b SNK  |y PREZ  |7 0  |p 17A0996806  |o snkSD 54255/1  |i snkKSP 2884/83  |0 0  |1 0  |4 0  |d 2024-11-14  |l 0  |r 2026-02-23 12:20:06  |w 2026-02-23 
952 |t P60, <05>, [BOOK], {605}  |a SNK  |b SNK  |y PREZ  |7 0  |p 17A0337991  |o snkSD 54255/1 D1  |i snkKSP 2885/83  |0 0  |1 0  |4 0  |d 2002-03-22  |l 0  |r 2004-12-31 00:00:00  |w 2026-02-23